| 000 | 01418nam a2200409 i 4500 | ||
|---|---|---|---|
| 001 | 19748 | ||
| 003 | FlNmELB | ||
| 005 | 20241216213805.0 | ||
| 006 | m o d | | ||
| 007 | cr cnu|||||||| | ||
| 008 | 210510s2017 sp a ob 001 0 spa d | ||
| 020 |
_a9788491046776 _q(e-book) |
||
| 035 | _a(OCoLC)1252202709 | ||
| 040 |
_aFINmELB _bspa _erda _cFINmELB |
||
| 050 | 4 |
_aDD240 _b.C377 2017 |
|
| 080 | _a356.118(430) | ||
| 080 | _a94(430)"1918/33" | ||
| 082 | 0 | 4 |
_a943.085 _223 |
| 100 | 1 |
_aCasquete, Jesús, _eautor. |
|
| 245 | 1 | 0 |
_aNazis a pie de calle : _buna historia de las SA en la República de Weimar / _cJesús Casquete. |
| 264 | 1 |
_aMadrid : _bAlianza, _c2017. |
|
| 300 |
_a1 recurso en línea (279 páginas) : _b16 páginas sin numerar de láminas |
||
| 336 |
_atexto _btxt _2rdacontent/spa |
||
| 337 |
_acomputadora _bc _2rdamedia/spa |
||
| 338 |
_arecurso en línea _bcr _2rdacarrier/spa |
||
| 504 | _aBibliografía: páginas 269-274. Índice. | ||
| 650 | 0 |
_aNational socialism _zGermany. |
|
| 650 | 4 |
_aNacionalsocialismo _zAlemania. |
|
| 651 | 4 |
_aAlemania _xHistoria _y1918-1933. |
|
| 651 | 0 |
_aGermany _xPolitics and government _y1918-1933. |
|
| 655 | 4 | _aLibros electrónicos. | |
| 797 | 2 | _aelibro, Corp. | |
| 856 | 4 | 0 | _uhttps://elibro.net/ereader/politecnicointernacional/122877 |
| 999 |
_c19748 _d19748 |
||